| 000 | 00608nam a2200241 a 4500 | ||
|---|---|---|---|
| 001 | nice12345678 | ||
| 003 | IN_TiNIC | ||
| 005 | 20260116012403.0 | ||
| 008 | 050524s0000 hyda grp 000 0 urd | ||
| 020 |
_a _c1.5 |
||
| 082 | 0 | 0 |
_a297.4 _bKHA9 |
| 100 | _aKhan, Mohammad Ali | ||
| 245 | _aSawaneh Umri Hazrat Syedna Ghausul Azam | ||
| 260 |
_aHyderabad _bCommercial Book Depot _c0000 |
||
| 300 | _a80p | ||
| 500 | _aincludes index and biblioraphy | ||
| 505 | 2 | _aIndex | |
| 650 | _aSufism-Hagiography-Jeelani | ||
| 700 | 1 | _aKhan, Mohammad Ali | |
| 902 | _bSRS | ||
| 942 | _cBK | ||
| 999 |
_c6811 _d6811 |
||